Normal view
MARC view
Entry Personal Name
001 - CONTROL NUMBER
- control field: 43439
003 - CONTROL NUMBER IDENTIFIER
- control field: ARRUPE
005 - DATE AND TIME OF LATEST TRANSACTION
- control field: 20181114095153.0
008 - FIXED-LENGTH DATA ELEMENTS
- fixed length control field: 181114|| aca||aabn | a|a d
040 ## - CATALOGING SOURCE
- Original cataloging agency: ARRUPE
- Transcribing agency: ARRUPE
100 ## - HEADING--PERSONAL NAME
- Personal name: Merquior, José Guilherme.
670 ## - SOURCE DATA FOUND
- Source citation: Work cat.: (ARRUPE)0: Merquior, José Guilherme., From Prague to Paris :, 1986.